Biggest US Cities in 1800 - Statistics

General Stats
  • This quiz has been taken 68 times
  • The average score is 17 of 50
Answer Stats
State City Population % Correct
NY New York 60,515
98%
MD Baltimore 26,514
96%
MA Boston 24,937
96%
PA Philadelphia 42,220
91%
SC Charleston 18,824
87%
RI Providence 7,614
80%
VA Richmond 5,737
80%
MD (DC) Washington 3,210
76%
NY Albany 5,289
73%
CT Hartford 3,523
67%
GA Savannah 5,146
62%
VA Norfolk 6,926
58%
CT New Haven 4,049
56%
MA (ME) Portland 3,704
49%
MA Salem 9,457
47%
PA Lancaster 4,292
42%
RI Newport 6,739
42%
VA (DC) Alexandria 4,971
40%
PA Northern Liberties 10,718
36%
MA New Bedford 4,361
29%
NH Portsmouth 5,339
29%
CT New London 5,150
24%
MA Plymouth 3,524
24%
CT Danbury 3,180
22%
PA Southwark 9,621
22%
MA Gloucester 5,313
20%
MA Marblehead 5,211
20%
CT Norwalk 5,146
20%
CT Norwich 3,476
20%
NY Schenectady 5,289
20%
MA Lynn 2,837
18%
MD (DC) Georgetown 2,993
16%
MA Nantucket 5,617
16%
CT Greenwich 3,047
13%
VA Petersburg 3,521
13%
NY Hudson 3,664
11%
MA Newburyport 5,946
11%
CT Groton 4,302
9%
MA Taunton 3,860
9%
CT Farmington 2,809
7%
RI Smithfield 3,120
7%
MA Andover 2,951
4%
MA Beverly 3,881
4%
CT Colchester 3,163
4%
MA Haverhill 2,730
4%
MA Middleborough 4,458
4%
NJ Evesham 3,381
2%
NH Gilmanton 3,752
2%
RI North Kingstown 2,794
2%
RI South Kingstown 3,438
2%
No matching quizzes found
Score Distribution
Percent of People with Each Score
Percentile by Number Answered
Your Score History
You have not taken this quiz